UBT Library

ANNUAL REVIEW OF PHYTOPATHOLOGY (Record no. 59281)

000 -LEADER
fixed length control field 00334nam a22001457a 4500
008 - FIXED-LENGTH DATA ELEMENTS--GENERAL INFORMATION
fixed length control field 230125b ||||| |||| 00| 0 eng d
020 ## - INTERNATIONAL STANDARD BOOK NUMBER
International Standard Book Number 0824313240
041 ## - LANGUAGE CODE
Language code of text/sound track or separate title eng
080 ## - UNIVERSAL DECIMAL CLASSIFICATION NUMBER
Edition identifier VOLUME24
Universal Decimal Classification number 616
082 ## - DEWEY DECIMAL CLASSIFICATION NUMBER
Classification number 616COO
100 ## - Rafti
Rafti 14
101 ## - Shkurtesa
Shkurtesa PATOFILO
245 ## - TITLE STATEMENT
Title ANNUAL REVIEW OF PHYTOPATHOLOGY
Statement of responsibility, etc COOK J R
942 ## - ADDED ENTRY ELEMENTS (KOHA)
Source of classification or shelving scheme
Item type Books
Holdings
Withdrawn status Lost status Source of classification or shelving scheme Damaged status Not for loan Collection code Permanent location Current location Date acquired Total Checkouts Full call number Barcode Date last seen Price effective from Koha item type
          Koleksioni i përgjithshem UBT - Lipjan UBT - Lipjan 01/25/2023   616COO 003-111 01/25/2023 01/25/2023 Books
          Koleksioni i përgjithshem UBT - Lipjan UBT - Lipjan 01/25/2023   616COO 003-112 01/25/2023 01/25/2023 Books
          Koleksioni i përgjithshem UBT - Lipjan UBT - Lipjan 01/25/2023   616COO 003-113 01/25/2023 01/25/2023 Books
          Koleksioni i përgjithshem UBT - Lipjan UBT - Lipjan 01/25/2023   616COO 003-114 01/25/2023 01/25/2023 Books
          Koleksioni i përgjithshem UBT - Lipjan UBT - Lipjan 01/25/2023   616COO 003-115 01/25/2023 01/25/2023 Books
          Koleksioni i përgjithshem UBT - Lipjan UBT - Lipjan 01/25/2023   616COO 003-116 01/25/2023 01/25/2023 Books
          Koleksioni i përgjithshem UBT - Lipjan UBT - Lipjan 01/25/2023   616COO 003-117 01/25/2023 01/25/2023 Books
          Koleksioni i përgjithshem UBT - Lipjan UBT - Lipjan 01/25/2023   616COO 003-118 01/25/2023 01/25/2023 Books
          Koleksioni i përgjithshem UBT - Lipjan UBT - Lipjan 01/25/2023   616COO 003-119 01/25/2023 01/25/2023 Books
          Koleksioni i përgjithshem UBT - Lipjan UBT - Lipjan 01/25/2023   616COO 003-120 01/25/2023 01/25/2023 Books
          Koleksioni i përgjithshem UBT - Lipjan UBT - Lipjan 01/25/2023   616COO 003-121 01/25/2023 01/25/2023 Books
          Koleksioni i përgjithshem UBT - Lipjan UBT - Lipjan 01/25/2023   616COO 003-122 01/25/2023 01/25/2023 Books
          Koleksioni i përgjithshem UBT - Lipjan UBT - Lipjan 01/25/2023   616COO 003-123 01/25/2023 01/25/2023 Books
          Koleksioni i përgjithshem UBT - Lipjan UBT - Lipjan 01/25/2023   616COO 003-124 01/25/2023 01/25/2023 Books
          Koleksioni i përgjithshem UBT - Lipjan UBT - Lipjan 01/25/2023   616COO 003-125 01/25/2023 01/25/2023 Books
          Koleksioni i përgjithshem UBT - Lipjan UBT - Lipjan 01/25/2023   616COO 003-126 01/25/2023 01/25/2023 Books
UBT Library © 2015-2024. All rights reserved University Education for Business and Technology